[Event "SLO-chT1 West"]
[Site "Slovenia"]
[Date "2022.10.22"]
[Round "8.3"]
[White "Persl, Bojan"]
[Black "Pucelj, Joze"]
[Result "0-1"]
[WhiteElo "2077"]
[BlackElo "2026"]
[PlyCount "102"]
[EventDate "2022.10.07"]
[EventType "team-tourn"]
[EventRounds "9"]
[EventCountry "SLO"]
[SourceTitle "EXT 2024"]
[Source "ChessBase"]
[SourceDate "2023.10.10"]
[SourceVersion "1"]
[SourceVersionDate "2023.10.10"]
[SourceQuality "1"]
[WhiteTeam "Ljubljana Tajfun"]
[BlackTeam "Dolenjske Toplice"]
[WhiteTeamCountry "SLO"]
[BlackTeamCountry "SLO"]

1. e4 g6 2. d4 Bg7 3. Nf3 d6 4. Nc3 Nf6 5. Be2 0-0 6. 0-0 Bg4 7. h3 Bxf3 8. Bxf3 e5 9. d5 Nbd7 10. a4 a5 11. Re1 Nc5 12. g3 Nfd7 13. Bg2 f5 14. Ra3 f4 15. Nb5 fxg3 16. fxg3 Nb6 17. b3 Nbd7 18. c3 Nf6 19. b4 Na6 20. Rb3 Qe7 21. Be3 Rfd8 22. Na3 axb4 23. cxb4 c6 24. Nc4 Nc7 25. Nb6 Rab8 26. Qd2 cxd5 27. exd5 Na8 28. Nc4 b5 29. Na5 bxa4 30. Rbb1 Nc7 31. Nc6 Qd7 32. Nxd8 Rxd8 33. Rec1 Rb8 34. Rc4 Nb5 35. Rbc1 h5 36. Qc2 Qf7 37. Rc8+ Rxc8 38. Qxc8+ Kh7 39. Qc6 Nd4 40. Bxd4 exd4 41. Qxd6 Qe8 42. Qe6 Qb8 43. d6 d3 44. Rf1 d2 45. Bf3 Qxb4 46. Bd1 Qd4+ 47. Kh2 h4 48. Rf4 hxg3+ 49. Kxg3 Qg1+ 50. Kf3 Qxd1+ 51. Kg2 Qe1 0-1

[Event "SLO-chT1 West"]
[Site "Slovenia"]
[Date "2022.10.09"]
[Round "3.3"]
[White "Markun, Bostjan"]
[Black "Persl, Bojan"]
[Result "1-0"]
[WhiteElo "2261"]
[BlackElo "2077"]
[PlyCount "113"]
[EventDate "2022.10.07"]
[EventType "team-tourn"]
[EventRounds "9"]
[EventCountry "SLO"]
[SourceTitle "CBM 210 Extra"]
[Source "ChessBase"]
[SourceDate "2022.11.30"]
[SourceVersion "1"]
[SourceVersionDate "2022.11.30"]
[SourceQuality "1"]
[WhiteTeam "Kranj Tomo Zupan"]
[BlackTeam "Ljubljana Tajfun"]
[WhiteTeamCountry "SLO"]
[BlackTeamCountry "SLO"]

1. e4 e5 2. Nf3 Nc6 3. d4 exd4 4. Bc4 Nf6 5. e5 d5 6. Bb5 Ne4 7. Nxd4 Bd7 8. Bxc6 bxc6 9. 0-0 Bc5 10. Be3 Bb6 11. f3 Ng5 12. f4 Ne4 13. Nd2 Nxd2 14. Qxd2 0-0 15. Nb3 Bf5 16. Bc5 Qd7 17. Qc3 Be4 18. Nd4 Rfe8 19. Bxb6 axb6 20. Nxc6 Re6 21. Nd4 Rg6 22. Rf2 c5 23. Ne2 d4 24. Qd2 Rd8 25. Ng3 Bf5 26. Nxf5 Qxf5 27. Qd3 Qxd3 28. cxd3 f5 29. exf6 Rxf6 30. Re1 Kf7 31. g3 Re6 32. Rfe2 Rxe2 33. Rxe2 b5 34. b3 Rd5 35. Kf2 g5 36. Kf3 gxf4 37. Kxf4 Rd8 38. g4 h6 39. h4 Rd6 40. g5 hxg5+ 41. hxg5 Rd8 42. Kf5 c4 43. bxc4 bxc4 44. dxc4 d3 45. Rd2 Rd4 46. a3 Rxc4 47. Rxd3 Rc5+ 48. Kg4 Ra5 49. Kh5 Ra4 50. Rb3 Ra7 51. Kh6 Ra6+ 52. Kh7 Ra4 53. g6+ Kf6 54. Rf3+ Ke7 55. Rh3 Ra7 56. g7 Kf6 57. Rf3+ 1-0

[Event "SLO-chT1 West"]
[Site "Slovenia"]
[Date "2022.10.08"]
[Round "2.4"]
[White "Perme, Martin"]
[Black "Persl, Bojan"]
[Result "1-0"]
[WhiteElo "1710"]
[BlackElo "2077"]
[PlyCount "83"]
[EventDate "2022.10.07"]
[EventType "team-tourn"]
[EventRounds "9"]
[EventCountry "SLO"]
[SourceTitle "CBM 210 Extra"]
[Source "ChessBase"]
[SourceDate "2022.11.30"]
[SourceVersion "1"]
[SourceVersionDate "2022.11.30"]
[SourceQuality "1"]
[WhiteTeam "Komenda"]
[BlackTeam "Ljubljana Tajfun"]
[WhiteTeamCountry "SLO"]
[BlackTeamCountry "SLO"]

1. e4 c5 2. Nf3 d6 3. d4 cxd4 4. Nxd4 Nf6 5. Nc3 a6 6. Be3 Ng4 7. Bg5 h6 8. Bh4 g5 9. Bg3 Bg7 10. Nf5 Bxf5 11. exf5 Qa5 12. Qf3 Nc6 13. Be2 Nge5 14. Qe3 Nd4 15. Qd2 Rc8 16. 0-0 Nxf5 17. Bxe5 Bxe5 18. Bg4 Bxc3 19. bxc3 Rc7 20. Rae1 Kd8 21. f4 h5 22. Bxf5 Qxf5 23. fxg5 Qg6 24. Qd4 Rg8 25. h4 f6 26. Qd5 fxg5 27. hxg5 Kc8 28. Re6 Qg7 29. g6 Rc5 30. Qe4 Re5 31. Qc4+ Kb8 32. Rf7 Qh6 33. Rxe5 dxe5 34. Rxe7 Qe3+ 35. Kh1 Rc8 36. Qb4 Rc7 37. Rxc7 Kxc7 38. Qe7+ Kb8 39. Qf8+ Ka7 40. g7 Qe1+ 41. Kh2 Qh4+ 42. Kg1 1-0

[Event "Oskarja Memorial 10th"]
[Site "Chess.com INT"]
[Date "2021.01.16"]
[Round "13"]
[White "Kogoj, Boris"]
[Black "Persl, Bojan"]
[Result "0-1"]
[WhiteElo "1856"]
[BlackElo "2010"]
[PlyCount "140"]
[EventDate "2021.01.16"]
[EventType "swiss (blitz)"]
[EventRounds "15"]
[EventCountry "SLO"]
[SourceTitle "CBM 200 Extra"]
[Source "ChessBase"]
[SourceDate "2021.03.31"]
[SourceVersion "1"]
[SourceVersionDate "2021.03.31"]
[SourceQuality "1"]

1. e4 c5 2. f4 d5 3. e5 Bf5 4. Nf3 h6 5. Bb5+ Nc6 6. Bxc6+ bxc6 7. c3 e6 8. d4 Qb6 9. 0-0 Ne7 10. Kh1 cxd4 11. cxd4 Ng6 12. Nc3 Be7 13. b3 0-0 14. Be3 Rfc8 15. Na4 Qa5 16. Rc1 Be4 17. Rf2 Nh4 18. Kg1 Nxf3+ 19. gxf3 Bf5 20. Rg2 Qd8 21. Nc5 Rab8 22. a3 Qa5 23. Ra1 Qc3 24. Qd2 Qxd2 25. Bxd2 Bxc5 26. dxc5 Rxb3 27. Rf2 Rcb8 28. Bb4 Rb5 29. Kg2 a5 30. Be1 Rxc5 31. a4 Rb8 32. Kg3 Bc2 33. Ra2 Bb3 34. Rab2 Rc4 35. Bxa5 Rxa4 36. Bc7 Rb7 37. Bd6 Ra6 38. Rf1 Rab6 39. Bc5 Rb5 40. Bd6 c5 41. Kg4 c4 42. Rc1 Ra5 43. f5 exf5+ 44. Kxf5 d4 45. Ke4 d3 46. f4 Ra2 47. Rxa2 Bxa2 48. Ke3 Rb2 49. h3 d2 50. Rd1 Bb3 51. Rxd2 Rxd2 52. Kxd2 g5 53. Be7 gxf4 54. h4 Kh7 55. Ke2 Kg6 56. Kf3 Kf5 57. Bf8 c3 58. Ba3 Bd1+ 59. Kf2 Kxe5 60. Bc1 Ke4 61. Ke1 Bg4 62. Kf2 h5 63. Ba3 f5 64. Bc1 Bd1 65. Ke1 Bb3 66. Kf2 f3 67. Bg5 Bd5 68. Bc1 Bb3 69. Bg5 f4 70. Bf6 c2 0-1

[Event "Oskarja Memorial 10th"]
[Site "Chess.com INT"]
[Date "2021.01.16"]
[Round "12"]
[White "Persl, Bojan"]
[Black "Zagorac, Marko"]
[Result "1-0"]
[WhiteElo "2010"]
[BlackElo "1357"]
[PlyCount "53"]
[EventDate "2021.01.16"]
[EventType "swiss (blitz)"]
[EventRounds "15"]
[EventCountry "SLO"]
[SourceTitle "CBM 200 Extra"]
[Source "ChessBase"]
[SourceDate "2021.03.31"]
[SourceVersion "1"]
[SourceVersionDate "2021.03.31"]
[SourceQuality "1"]

1. e4 e5 2. Nf3 Nc6 3. Bb5 Bc5 4. 0-0 d6 5. c3 Nf6 6. d4 a6 7. Bxc6+ bxc6 8. dxc5 Nxe4 9. Be3 Bg4 10. h3 Bh5 11. Nbd2 Nxd2 12. Bxd2 e4 13. g4 exf3 14. gxh5 0-0 15. Qxf3 Rb8 16. b3 dxc5 17. Be3 Qd3 18. Rac1 Rfe8 19. Rfd1 Qb5 20. c4 Qb4 21. Qg4 Qa3 22. Rc2 Re6 23. Rd7 Qb4 24. Bd2 Qa3 25. Bc3 g6 26. Qf4 Rbe8 27. Qxf7# 1-0

[Event "SLO-chT Central 21st"]
[Site "Slovenia"]
[Date "2020.10.15"]
[Round "5.1"]
[White "Veskovic, Dzemal"]
[Black "Persl, Bojan"]
[Result "1/2-1/2"]
[WhiteElo "1894"]
[BlackElo "2078"]
[PlyCount "45"]
[EventDate "2020.09.17"]
[EventType "team-swiss"]
[EventRounds "5"]
[EventCountry "SLO"]
[SourceTitle "EXT 2024"]
[Source "ChessBase"]
[SourceDate "2023.10.10"]
[SourceVersion "1"]
[SourceVersionDate "2023.10.10"]
[SourceQuality "1"]
[WhiteTeam "Menges Trzin"]
[BlackTeam "Klinicni Center"]
[WhiteTeamCountry "SLO"]
[BlackTeamCountry "SLO"]

1. e4 c5 2. Nc3 e6 3. Nf3 a6 4. d4 cxd4 5. Nxd4 Qc7 6. a3 Nf6 7. Be3 Be7 8. Be2 Nc6 9. Nxc6 bxc6 10. 0-0 d5 11. exd5 cxd5 12. Bf3 0-0 13. Ne2 Bd6 14. g3 Rb8 15. b4 Bd7 16. Re1 Ba4 17. Nd4 Rfe8 18. Be2 a5 19. Ba6 Red8 20. b5 Be5 21. Nc6 Bxa1 22. Qxa1 Bxb5 23. Nxb8 1/2-1/2

[Event "SLO-chT2 West"]
[Site "Komenda"]
[Date "2019.12.01"]
[Round "9.1"]
[White "Persl, Bojan"]
[Black "Luzar, Emil"]
[Result "1/2-1/2"]
[WhiteElo "2097"]
[BlackElo "2115"]
[PlyCount "60"]
[EventDate "2019.11.15"]
[EventType "team-tourn"]
[EventRounds "9"]
[EventCountry "SLO"]
[SourceTitle "EXT 2024"]
[Source "ChessBase"]
[SourceDate "2023.10.10"]
[SourceVersion "1"]
[SourceVersionDate "2023.10.10"]
[SourceQuality "1"]
[WhiteTeam "Ljubljana SK"]
[BlackTeam "Dolenjske Toplice"]
[WhiteTeamCountry "SLO"]
[BlackTeamCountry "SLO"]

1. e4 c5 2. Nf3 d6 3. d4 cxd4 4. Nxd4 Nf6 5. Nc3 g6 6. Bc4 Bg7 7. Bb3 0-0 8. h3 Nc6 9. Be3 Nd7 10. 0-0 Nb6 11. Nd5 Nxd5 12. exd5 Na5 13. Re1 Nxb3 14. axb3 e5 15. dxe6 fxe6 16. Qd2 Bd7 17. Rad1 Qh4 18. Bg5 Qxd4 19. Qxd4 Bxd4 20. Rxd4 d5 21. Be7 Rfe8 22. Bd6 Bc6 23. Be5 Rad8 24. Re3 Rd7 25. h4 Rf8 26. h5 gxh5 27. Rg3+ Kf7 28. Rg5 Ke8 29. Rxh5 Rf5 30. Rxf5 exf5 1/2-1/2

[Event "SLO-chT2 West"]
[Site "Komenda"]
[Date "2019.11.17"]
[Round "4.1"]
[White "Bajzelj, Primoz"]
[Black "Persl, Bojan"]
[Result "0-1"]
[WhiteElo "2062"]
[BlackElo "2097"]
[PlyCount "78"]
[EventDate "2019.11.15"]
[EventType "team-tourn"]
[EventRounds "9"]
[EventCountry "SLO"]
[SourceTitle "EXT 2024"]
[Source "ChessBase"]
[SourceDate "2023.10.10"]
[SourceVersion "1"]
[SourceVersionDate "2023.10.10"]
[SourceQuality "1"]
[WhiteTeam "Radovljica"]
[BlackTeam "Ljubljana SK"]
[WhiteTeamCountry "SLO"]
[BlackTeamCountry "SLO"]

1. d4 Nf6 2. Nf3 e6 3. c4 d5 4. Nc3 Be7 5. Bg5 h6 6. Bh4 0-0 7. e3 b6 8. Qb3 Nbd7 9. Be2 c5 10. cxd5 Nxd5 11. Bxe7 Nxe7 12. 0-0 cxd4 13. exd4 Bb7 14. Rfd1 Nf6 15. Rac1 Ned5 16. Ne5 Nf4 17. Bf1 Rc8 18. Rc2 Ne4 19. Nxe4 Bxe4 20. Rxc8 Qxc8 21. Qe3 Qc2 22. Rc1 Nd5 23. Qe1 Qxb2 24. Nc4 Qxd4 25. Rd1 Qc5 26. Qxe4 Nc3 27. Qc2 Nxd1 28. Qxd1 b5 29. Ne3 a5 30. Qb3 Rb8 31. a4 b4 32. Nc4 Qd5 33. h3 Rc8 34. Be2 Rc5 35. Bd3 Qd4 36. Qc2 e5 37. Qb1 Rxc4 38. Bxc4 Qxc4 39. Qf5 Qc1+ 0-1

[Event "SLO-chT Central 20th"]
[Site "Slovenia"]
[Date "2019.09.26"]
[Round "3.1"]
[White "Skok, Joze"]
[Black "Persl, Bojan"]
[Result "0-1"]
[WhiteElo "1975"]
[BlackElo "2097"]
[PlyCount "61"]
[EventDate "2019.09.12"]
[EventType "team-tourn"]
[EventRounds "7"]
[EventCountry "SLO"]
[SourceTitle "EXT 2024"]
[Source "ChessBase"]
[SourceDate "2023.10.10"]
[SourceVersion "1"]
[SourceVersionDate "2023.10.10"]
[SourceQuality "1"]
[WhiteTeam "Bor Dob"]
[BlackTeam "Klinicni Center"]
[WhiteTeamCountry "SLO"]
[BlackTeamCountry "SLO"]

1. e4 c6 2. d4 d5 3. exd5 cxd5 4. Bd3 Nc6 5. c3 Nf6 6. h3 g6 7. Qe2 Bg7 8. Nf3 0-0 9. 0-0 Qc7 10. Re1 Nh5 11. Ne5 Re8 12. g4 Nf6 13. Bf4 Qb6 14. Bb5 Nd7 15. Nd2 f6 16. Nxc6 bxc6 17. Qe6+ Kh8 18. Qxc6 e5 19. dxe5 fxe5 20. Nf3 Rb8 21. Qxb6 Rxb6 22. Nxe5 Rxe5 23. Bxe5 Nxe5 24. Be2 g5 25. b3 h5 26. Rad1 Rd6 27. f3 h4 28. Kf2 Bb7 29. Bd3 Bf6 30. Be4 Rd8 31. Bf5 0-1

[Event "SLO-chT Central 20th"]
[Site "Slovenia"]
[Date "2019.09.12"]
[Round "1.2"]
[White "Persl, Bojan"]
[Black "Gantar, Jan"]
[Result "1/2-1/2"]
[WhiteElo "2097"]
[BlackElo "2135"]
[PlyCount "44"]
[EventDate "2019.09.12"]
[EventType "team-tourn"]
[EventRounds "7"]
[EventCountry "SLO"]
[SourceTitle "EXT 2024"]
[Source "ChessBase"]
[SourceDate "2023.10.10"]
[SourceVersion "1"]
[SourceVersionDate "2023.10.10"]
[SourceQuality "1"]
[WhiteTeam "Klinicni Center"]
[BlackTeam "Komenda Popotnik"]
[WhiteTeamCountry "SLO"]
[BlackTeamCountry "SLO"]

1. e4 Nf6 2. e5 Nd5 3. d4 d6 4. Nf3 dxe5 5. Nxe5 c6 6. c3 Nd7 7. Bd3 Nxe5 8. dxe5 g6 9. Qe2 Bg7 10. 0-0 Be6 11. f4 Qd7 12. Nd2 0-0-0 13. Be4 Bf5 14. Nf3 Bxe4 15. Qxe4 f5 16. Qe2 e6 17. a4 Bf8 18. a5 Bc5+ 19. Kh1 a6 20. Ra4 h6 21. Bd2 Ba7 22. Raa1 Ne7 1/2-1/2

[Event "SLO-chT2 West"]
[Site "Komenda"]
[Date "2018.11.25"]
[Round "7.1"]
[White "Persl, Bojan"]
[Black "Skoberne, Jure"]
[Result "0-1"]
[WhiteElo "2080"]
[BlackElo "2572"]
[PlyCount "112"]
[EventDate "2018.11.10"]
[EventType "team-tourn"]
[EventRounds "7"]
[EventCountry "SLO"]
[SourceTitle "EXT 2020"]
[Source "ChessBase"]
[SourceDate "2019.10.17"]
[SourceVersion "1"]
[SourceVersionDate "2019.10.17"]
[SourceQuality "1"]
[WhiteTeam "Ljubljana SK II"]
[BlackTeam "Posocje"]
[WhiteTeamCountry "SLO"]
[BlackTeamCountry "SLO"]

1. e4 e6 2. d4 d5 3. Nd2 c5 4. Ngf3 cxd4 5. exd5 Qxd5 6. Bc4 Qd6 7. 0-0 Nf6 8. Nb3 Nc6 9. Nbxd4 Nxd4 10. Qxd4 Qxd4 11. Nxd4 Bd7 12. a4 Rc8 13. Bd3 Bc5 14. Nb3 Bd6 15. Be3 Bb8 16. Bd4 0-0 17. Bxf6 gxf6 18. Be4 f5 19. Bd3 Kh8 20. Rfd1 Rc7 21. Nd4 a6 22. c3 Rg8 23. Kf1 Kg7 24. f4 Kf6 25. Be2 h5 26. Bxh5 Rh8 27. Bf3 Rxh2 28. Ke2 Rh4 29. a5 Rxf4 30. g3 Rxf3 31. Nxf3 Bb5+ 32. Kf2 Rc8 33. Nd4 Bc4 34. b3 Bd5 35. c4 Be4 36. Rac1 Rh8 37. Ne2 Bc6 38. Rg1 e5 39. b4 f4 40. gxf4 exf4 41. Nd4 Rh2+ 42. Ke1 Be4 43. Rf1 Rb2 44. c5 Rxb4 45. c6 Rxd4 46. c7 Bxc7 47. Rxc7 Bc6 48. Rf2 Ra4 49. Kd2 Kg6 50. Kd3 f3 51. Rc8 Rxa5 52. Rh8 Kf6 53. Kd4 Ra4+ 54. Kc5 Ke5 55. Rh5+ f5 56. Rf1 Be4 0-1

[Event "SLO-chT2 West"]
[Site "Komenda"]
[Date "2018.11.24"]
[Round "5.1"]
[White "Persl, Bojan"]
[Black "Brezovar, Matjaz"]
[Result "1-0"]
[WhiteElo "2080"]
[BlackElo "2209"]
[PlyCount "59"]
[EventDate "2018.11.10"]
[EventType "team-tourn"]
[EventRounds "7"]
[EventCountry "SLO"]
[SourceTitle "EXT 2020"]
[Source "ChessBase"]
[SourceDate "2019.10.17"]
[SourceVersion "1"]
[SourceVersionDate "2019.10.17"]
[SourceQuality "1"]
[WhiteTeam "Ljubljana SK II"]
[BlackTeam "Dolenjske Toplice"]
[WhiteTeamCountry "SLO"]
[BlackTeamCountry "SLO"]

1. e4 e6 2. d4 d5 3. Nd2 c5 4. Ngf3 cxd4 5. exd5 Qxd5 6. Bc4 Qd6 7. Qe2 Nf6 8. Nb3 Nc6 9. Bg5 Qb4+ 10. Bd2 Qb6 11. 0-0-0 Bc5 12. Ne5 Nxe5 13. Qxe5 Bd6 14. Qe2 Bd7 15. Ba5 Qc6 16. Rxd4 Bc7 17. Rxd7 Nxd7 18. Bb5 Qxg2 19. Rd1 Bxa5 20. Bxd7+ Kf8 21. Nxa5 Rd8 22. Qb5 Qxf2 23. Nxb7 Qe3+ 24. Kb1 Rb8 25. Bc6 f5 26. a4 Kg8 27. Rd7 h6 28. a5 Qg1+ 29. Ka2 Qxh2 30. Qc5 1-0

[Event "SLO-chT2 West"]
[Site "Komenda"]
[Date "2018.11.11"]
[Round "3.1"]
[White "Rojs, Igor"]
[Black "Persl, Bojan"]
[Result "0-1"]
[WhiteElo "2007"]
[BlackElo "2080"]
[PlyCount "82"]
[EventDate "2018.11.10"]
[EventType "team-tourn"]
[EventRounds "7"]
[EventCountry "SLO"]
[SourceTitle "EXT 2020"]
[Source "ChessBase"]
[SourceDate "2019.10.17"]
[SourceVersion "1"]
[SourceVersionDate "2019.10.17"]
[SourceQuality "1"]
[WhiteTeam "Trzin"]
[BlackTeam "Ljubljana SK II"]
[WhiteTeamCountry "SLO"]
[BlackTeamCountry "SLO"]

1. d4 Nf6 2. Nf3 e6 3. g3 d5 4. Bg2 Be7 5. 0-0 0-0 6. c4 dxc4 7. Nc3 Nc6 8. e4 Rb8 9. a4 a6 10. Be3 b5 11. Ne1 e5 12. d5 Nb4 13. h3 Nd7 14. f4 Bd6 15. f5 f6 16. Rf2 Bc5 17. Qd2 Qe7 18. g4 Bxe3 19. Qxe3 Nc5 20. Bf1 Nb3 21. Rd1 Rd8 22. h4 c6 23. g5 cxd5 24. Nxd5 Nxd5 25. exd5 Qc5 26. Qe4 Rb6 27. Bg2 Nd4 28. gxf6 gxf6 29. Qg4+ Kh8 30. Qh5 Bxf5 31. Kh1 Bg6 32. Qg4 Rg8 33. Qd7 Rd6 34. Qb7 Nf5 35. Rdd2 Nxh4 36. Bh3 Be4+ 37. Kh2 Qe3 38. Bg2 Qg3+ 39. Kh1 Nxg2 40. Nxg2 f5 41. Kg1 Bxg2 0-1

[Event "SLO-chT2 West"]
[Site "Komenda"]
[Date "2018.11.10"]
[Round "1.1"]
[White "Kralj, Nejc"]
[Black "Persl, Bojan"]
[Result "0-1"]
[WhiteElo "1734"]
[BlackElo "2080"]
[PlyCount "88"]
[EventDate "2018.11.10"]
[EventType "team-tourn"]
[EventRounds "7"]
[EventCountry "SLO"]
[SourceTitle "EXT 2020"]
[Source "ChessBase"]
[SourceDate "2019.10.17"]
[SourceVersion "1"]
[SourceVersionDate "2019.10.17"]
[SourceQuality "1"]
[WhiteTeam "Komenda SK II"]
[BlackTeam "Ljubljana SK II"]
[WhiteTeamCountry "SLO"]
[BlackTeamCountry "SLO"]

1. e4 e5 2. Nf3 Nc6 3. Bc4 Be7 4. 0-0 Nf6 5. d3 0-0 6. c3 d6 7. Bb3 Na5 8. Bc2 c5 9. Nbd2 Qc7 10. Re1 Bd7 11. Nf1 b5 12. d4 Rfc8 13. Ne3 cxd4 14. cxd4 Rab8 15. Bd2 b4 16. Rc1 Nc6 17. Bb3 Qb6 18. dxe5 dxe5 19. Nc4 Qb5 20. Qe2 Bg4 21. h3 Bxf3 22. Qxf3 a5 23. Qd1 Rd8 24. Ba4 Qb7 25. Bxc6 Qxc6 26. Nxe5 Qd6 27. Nc4 Qd4 28. Qe2 a4 29. Bf4 Rbc8 30. Be5 Qd3 31. Qxd3 Rxd3 32. Ne3 Rxc1 33. Rxc1 Nxe4 34. Rc8+ Bf8 35. Nf5 f6 36. Bd4 g6 37. Nh6+ Kg7 38. Be3 Rd1+ 39. Kh2 Bd6+ 40. g3 f5 41. Ra8 f4 42. Ng4 fxe3 43. Ra7+ Kf8 44. Nxe3 Rd2 0-1

[Event "SLO-chT Central 18th"]
[Site "Slovenia"]
[Date "2017.10.12"]
[Round "5.1"]
[White "Paternoster, Janez"]
[Black "Persl, Bojan"]
[Result "0-1"]
[WhiteElo "1497"]
[BlackElo "2062"]
[PlyCount "112"]
[EventDate "2017.09.14"]
[EventType "team-tourn"]
[EventRounds "7"]
[EventCountry "SLO"]
[SourceTitle "EXT 2019"]
[Source "ChessBase"]
[SourceDate "2018.10.10"]
[SourceVersion "1"]
[SourceVersionDate "2018.10.10"]
[SourceQuality "1"]
[WhiteTeam "Komenda Pogi"]
[BlackTeam "Klinicni Center"]
[WhiteTeamCountry "SLO"]
[BlackTeamCountry "SLO"]

1. d4 Nf6 2. c4 g6 3. Nc3 d6 4. e4 Bg7 5. f3 Bd7 6. Bg5 c5 7. d5 Na6 8. a3 Nc7 9. Qd2 a6 10. Bd3 b5 11. Nge2 Rb8 12. 0-0 0-0 13. Rab1 bxc4 14. Bxc4 Nb5 15. a4 Nc7 16. Nc1 Rb4 17. b3 Qb8 18. Nd3 Rb6 19. Rb2 e6 20. e5 Nfxd5 21. Bxd5 Nxd5 22. Nxd5 exd5 23. Be7 Re8 24. Bxd6 Rxd6 25. exd6 Bxb2 26. Qxb2 Qxd6 27. Qc3 Rc8 28. Rc1 c4 29. bxc4 Rxc4 30. Qd2 Bxa4 31. Kf1 Bb5 32. Ke1 Qe7+ 33. Kf2 Qh4+ 34. Ke2 Qxh2 35. Kf2 Qh4+ 36. Ke2 Rxc1 37. Qxc1 Qc4 38. Qd2 Qxd3+ 39. Qxd3 Bxd3+ 40. Kxd3 a5 41. Kd4 a4 42. Kc3 h5 43. Kb4 f5 44. Kxa4 f4 45. Kb4 Kf7 46. Kc5 Ke6 47. Kd4 Kd6 48. Kd3 Kc5 49. Kc3 d4+ 50. Kd3 Kd5 51. Kd2 Kc4 52. Kc2 d3+ 53. Kd2 Kd4 54. Kd1 Ke3 55. Ke1 d2+ 56. Kd1 Kf2 0-1

[Event "SLO-chT Central 18th"]
[Site "Slovenia"]
[Date "2017.10.05"]
[Round "4.1"]
[White "Persl, Bojan"]
[Black "Subelj, Jan"]
[Result "0-1"]
[WhiteElo "2062"]
[BlackElo "2127"]
[PlyCount "78"]
[EventDate "2017.09.14"]
[EventType "team-tourn"]
[EventRounds "7"]
[EventCountry "SLO"]
[SourceTitle "EXT 2019"]
[Source "ChessBase"]
[SourceDate "2018.10.10"]
[SourceVersion "1"]
[SourceVersionDate "2018.10.10"]
[SourceQuality "1"]
[WhiteTeam "Klinicni Center"]
[BlackTeam "Komenda Popotnik"]
[WhiteTeamCountry "SLO"]
[BlackTeamCountry "SLO"]

1. e4 e5 2. Nf3 Nc6 3. Bb5 a6 4. Ba4 Nge7 5. 0-0 g6 6. c3 Bg7 7. d4 exd4 8. cxd4 b5 9. Bb3 0-0 10. d5 Na5 11. Nc3 d6 12. Bc2 b4 13. Ne2 Bg4 14. Nf4 Nc4 15. Rb1 Ne5 16. Bd2 a5 17. a3 g5 18. Ne2 Bxf3 19. gxf3 Nxf3+ 20. Kh1 Ng6 21. Ng1 Nxd2 22. Qxd2 Be5 23. Bd1 Bf4 24. Qc2 Qd7 25. Qa4 Qe7 26. f3 Rfb8 27. Be2 Qe5 28. Rf2 Be3 29. Rff1 Nf4 30. Bb5 c5 31. Bc6 Ra7 32. axb4 Rxb4 33. Qa3 Bd4 34. b3 Bxg1 35. Rxg1 Rxe4 36. Qb2 Re7 37. fxe4 Qxe4+ 38. Rg2 Nxg2 39. Kg1 Nf4 0-1

[Event "Ljubljana-chT 70th"]
[Site "Ljubljana"]
[Date "2017.01.19"]
[Round "2.2"]
[White "Persl, Bojan"]
[Black "Vucko, Maja"]
[Result "1-0"]
[WhiteElo "2091"]
[BlackElo "1888"]
[PlyCount "47"]
[EventDate "2017.01.12"]
[EventType "team-tourn"]
[EventRounds "9"]
[EventCountry "SLO"]
[SourceTitle "EXT 2019"]
[Source "ChessBase"]
[SourceDate "2018.10.10"]
[SourceVersion "1"]
[SourceVersionDate "2018.10.10"]
[SourceQuality "1"]
[WhiteTeam "Klinicni Center"]
[BlackTeam "Kocevje"]
[WhiteTeamCountry "SLO"]
[BlackTeamCountry "SLO"]

1. e4 c5 2. Nf3 d6 3. Nc3 Nf6 4. d4 cxd4 5. Nxd4 a6 6. Bc4 e6 7. Bb3 Be7 8. f4 Nc6 9. Be3 0-0 10. Qf3 Qc7 11. h3 Bd7 12. g4 Nxd4 13. Bxd4 b5 14. g5 Ne8 15. Rg1 Bc6 16. f5 exf5 17. Qxf5 Qc8 18. 0-0-0 Nc7 19. g6 Qxf5 20. exf5 Kh8 21. Rde1 Bh4 22. gxf7 Bf6 23. Bxf6 gxf6 24. Re7 1-0

[Event "Ljubljana-chT 70th"]
[Site "Ljubljana"]
[Date "2017.01.12"]
[Round "1.1"]
[White "Persl, Bojan"]
[Black "Jelen, Igor"]
[Result "1/2-1/2"]
[WhiteElo "2091"]
[BlackElo "2391"]
[PlyCount "113"]
[EventDate "2017.01.12"]
[EventType "team-tourn"]
[EventRounds "9"]
[EventCountry "SLO"]
[SourceTitle "EXT 2019"]
[Source "ChessBase"]
[SourceDate "2018.10.10"]
[SourceVersion "1"]
[SourceVersionDate "2018.10.10"]
[SourceQuality "1"]
[WhiteTeam "Klinicni Center"]
[BlackTeam "Ig"]
[WhiteTeamCountry "SLO"]
[BlackTeamCountry "SLO"]

1. e4 c5 2. Nf3 Nc6 3. Nc3 e5 4. Bc4 Be7 5. Nd5 Nf6 6. d3 h6 7. c3 0-0 8. 0-0 d6 9. h3 Be6 10. a3 a6 11. Re1 Re8 12. Nh2 b5 13. Ba2 Bxd5 14. exd5 Nb8 15. f4 exf4 16. Bxf4 Nbd7 17. Ng4 Nxg4 18. Qxg4 Nf6 19. Qf3 Qd7 20. Bh2 Nh7 21. Rf1 Bf6 22. Rae1 a5 23. Bb1 b4 24. d4 cxd4 25. Qd3 g6 26. cxb4 axb4 27. axb4 Rab8 28. Rxe8+ Rxe8 29. Bf4 Bg7 30. Qa6 Rd8 31. Qc6 Qe7 32. Bd3 g5 33. Bd2 Nf6 34. Re1 Qa7 35. b5 Qc5 36. Bc4 Nd7 37. Ba5 Rc8 38. Qxd7 Qxc4 39. b6 d3 40. b7 Rf8 41. Qxd6 Qb3 42. Qb4 Qxb4 43. Bxb4 Rb8 44. Bc3 Rxb7 45. Rd1 Bxc3 46. bxc3 Kf8 47. Rxd3 Ke7 48. Kf2 Rb2+ 49. Kf3 f5 50. c4 Rc2 51. Re3+ Kd7 52. Re6 Rxc4 53. Rxh6 Rc3+ 54. Ke2 Rc2+ 55. Kf3 Rc3+ 56. Kf2 Rc2+ 57. Kf3 1/2-1/2

[Event "SLO-chT3 West"]
[Site "Otocec"]
[Date "2016.11.26"]
[Round "3"]
[White "Baric, Dusan"]
[Black "Persl, Bojan"]
[Result "0-1"]
[WhiteElo "2088"]
[BlackElo "2087"]
[PlyCount "36"]
[EventDate "2016.11.25"]
[EventType "team-tourn"]
[EventRounds "5"]
[EventCountry "SLO"]
[SourceTitle "EXT 2022"]
[Source "ChessBase"]
[SourceDate "2021.10.06"]
[SourceVersion "1"]
[SourceVersionDate "2021.10.06"]
[SourceQuality "1"]

1. e4 e5 2. Nf3 Nc6 3. Bb5 a6 4. Bxc6 dxc6 5. h3 f6 6. d3 Be6 7. Be3 Qd7 8. Nbd2 Bd6 9. Nb3 b6 10. c3 a5 11. Qe2 Qf7 12. Nbd2 Ne7 13. Nc4 Rd8 14. 0-0 0-0 15. Rfd1 Rfe8 16. b3 Qh5 17. Kh2 g5 18. Nd4 exd4+ 0-1